| 000 | 00904nam a2200265Ia 4500 | ||
|---|---|---|---|
| 003 | OSt | ||
| 005 | 20220918171626.0 | ||
| 006 | a|||||r|||| 00| 0 | ||
| 007 | ta | ||
| 008 | 220917b |||||||| |||| 00| 0 eng d | ||
| 020 |
_a9788120800083 (hbk) _cINR 895.00 |
||
| 024 | _a326,557 | ||
| 037 |
_b54531, 08/03/2018, Segment Book Distributors _cTextual |
||
| 040 |
_aARTS _cARTS _beng |
||
| 041 |
_2eng _aeng |
||
| 082 | _aR6-1, M5;Q7 | ||
| 100 |
_aMatilal Bimal Krishna Au. _937832 |
||
| 245 | 0 |
_aLogic language and reality _b indian philosophy and contemporary issues |
|
| 260 |
_aDelhi _bMotilal Banarsidass India _c2017 |
||
| 300 |
_axvi,447p. _ccm. |
||
| 490 | _aIndian logic and epistemology | ||
| 650 |
_aINDIAN PHILOSOPHY; LOGIC _937833 |
||
| 942 |
_hR6-1, M5;Q7 _cTEXL _2CC |
||
| 999 |
_c140513 _d140513 |
||